Countries of the world with light blue on flag - Statistics

General Stats
  • This quiz has been taken 50 times
  • The average score is 9 of 19
Answer Stats
Continent Answer % Correct
South America Argentina
76%
Oceania Fiji
73%
Oceania Tuvalu
70%
North America Bahamas
67%
Oceania Micronesia
64%
Oceania Palau
64%
North America Guatemala
55%
Europe Luxembourg
55%
Africa Somalia
42%
Africa Botswana
39%
Asia Kazakhstan
39%
Europe San Marino
36%
North America Belize
33%
North America St Lucia
33%
Africa Congo DR
30%
Africa Rwanda
24%
South America Ecuador
21%
Asia Uzbekistan
21%
Africa Djibouti
15%
No matching quizzes found
Score Distribution
Percent of People with Each Score
Percentile by Number Answered
Your Score History
You have not taken this quiz